00249 a2200109 4500001000700000020000600007040001100013100002900024240004100053245003600094362000900130166579 a  cMagnum aSousa, Clarilza Prado de10aAvaliacao do rendimento escolarlpor10aAvaliacao do rendimento escolar0 a1899